Wordy Words Quiz Stats

 Plays Quiz Updated Mar 23, 2020

Support Sporcle.
Go Orange.
Score 0/51 Timer 07:00
0 Plays Today
% Correct
First Partadmirably
78.8%
Second Partadmirably
78.8%
Third Partadmirably
78.8%
First Partexcellent
76.2%
Second Partexcellent
76.2%
Third Partexcellent
76.2%
First Partcowardice
65.2%
Second Partcowardice
65.2%
Third Partcowardice
65.2%
First Parthomophone
63.4%
Second Parthomophone
63.4%
Third Parthomophone
63.4%
First Partinsistent
61.4%
Second Partinsistent
61.4%
Third Partinsistent
61.4%
First Partuppercase
60%
Second Partuppercase
60%
Third Partuppercase
60%
First Partbyproduct
58.3%
Second Partbyproduct
58.3%
Third Partbyproduct
58.3%
First Partpantheons
56.1%
Second Partpantheons
56.1%
Third Partpantheons
56.1%
First Partheartburn
54.7%
Second Partheartburn
54.7%
% Correct
Third Partheartburn
54.7%
First Partrebellion
53%
Second Partrebellion
53%
Third Partrebellion
53%
First Parttoadstool
49.7%
Second Parttoadstool
49.7%
Third Parttoadstool
49.7%
First Partsophomore
47.7%
Second Partsophomore
47.7%
Third Partsophomore
47.7%
First Partembargoes
46.1%
Second Partembargoes
46.1%
Third Partembargoes
46.1%
First Partenfeebled
46.1%
Second Partenfeebled
46.1%
Third Partenfeebled
46.1%
First Partdoorbells
44.2%
Second Partdoorbells
44.2%
Third Partdoorbells
44.2%
First Partliquorice
43.5%
Second Partliquorice
43.5%
Third Partliquorice
43.5%
First Partmarigolds
38.2%
Second Partmarigolds
38.2%
Third Partmarigolds
38.2%

You're not logged in!

Compare scores with friends on all Sporcle quizzes.
OR
Log In

From the Vault

Remove Ads.
Support Sporcle.
Get the best of Sporcle when you Go Orange. This ad-free experience offers more features, more stats, and more fun while also helping to support Sporcle. Thank you for becoming a member.

Show Comments

Extras

Top Quizzes Today


Score Distribution

Your Account Isn't Verified!

In order to create a playlist on Sporcle, you need to verify the email address you used during registration. Go to your Sporcle Settings to finish the process.

Report this User

Report this user for behavior that violates our Community Guidelines.

Details: